000 00298nam a22001457a 4500
008 210311b ||||| |||| 00| 0 eng d
020 _a24224.0
041 _aeng
080 _a510
082 _a510
100 _a36
101 _aMAT
245 _aMathematics
_cAssociates, C
942 _2udc
_cBK
999 _c56395
_d56395